MARC

LEADER 00000nam0a2200000 4500
001 277741
005 20231101235038.0
035 |a (RuTPU)RU\TPU\book\301018 
090 |a 277741 
100 |a 20141205d1985 k y0rusy5003 ca 
101 0 |a rus 
102 |a UA 
105 |a a z 001zy 
200 1 |a Прикладные проблемы прямого преобразования энергии  |e сборник научных трудов  |f Академия наук Украинской ССР (АН УССР), Институт технической теплофизики (ИТТФ) ; под ред. Г. М. Щеголева 
210 |a Киев  |c Наукова думка  |d 1985 
215 |a 147 с.  |c ил. 
320 |a Библиогр. в конце ст. 
606 1 |a Электрическая энергия  |x Преобразование  |2 stltpush  |3 (RuTPU)RU\TPU\subj\26892  |9 50726 
610 1 |a электрический ток 
610 1 |a электростанции 
610 1 |a термоэлектрические охладители 
610 1 |a теплообмен 
610 1 |a приэлектродные процессы 
610 1 |a МГД-каналы 
610 1 |a газонаполненные солнечные термоэлектрические генераторы 
610 1 |a вольт-амперные характеристики 
610 1 |a пленки 
610 1 |a импульсные лазеры 
610 1 |a МГД-генераторы 
610 1 |a научные труды 
675 |a 621.314  |v 4 
702 1 |a Щеголев  |b Г. М.  |g Герман Михайлович  |4 340 
712 0 2 |a Академия наук Украинской ССР (АН УССР)  |b Институт технической теплофизики (ИТТФ)  |c (Киев)  |2 stltpush  |3 (RuTPU)RU\TPU\col\1122 
801 0 |a RU  |b RuMRKP  |c 19950704  |g psbo 
801 1 |a RU  |b 63413507  |c 20141205 
801 2 |a RU  |b 63413507  |c 20170406  |g RCR 
942 |c BK